| 000 | 00450nam a2200181Ia 4500 | ||
|---|---|---|---|
| 008 | 240925s9999 xx 000 0 und d | ||
| 020 | _a8188458147 | ||
| 082 | _a621.31042 GUP | ||
| 100 | _aGupta, J. B. | ||
| 245 | 0 | _aElectrical Machines | |
| 250 | _aNA | ||
| 260 |
_aNew Delhi: _bS. K. Kataria _c,2014. |
||
| 300 |
_a932p. _b0 _fOriginal |
||
| 500 | _aIncludes Index | ||
| 600 | _aElectrical Engineering | ||
| 650 | _aTechnology | ||
| 942 | _cBK | ||
| 999 |
_c13918 _d13918 |
||